000 00472nmm a2200157Ia 4500
008 251105s9999||||xx |||||||||||||||||und||
020 _a9789560107671
041 _aspa
100 _aCapachitos
245 0 _a¿Para servir o llevar? Guía ilustrada de Capachitos
264 _a[Santiago de Chile, Chile] :
_bRil editores,
_c2019
300 _a86 páginas
650 _aGraphic novels (Comics)
856 _uhttps://public.digitaliapublishing.com/a/65542
942 _cCF
999 _c94067
_d94067